000 00886cam a2200301 a 4500
001 3005
005 20240130134003.0
020 _a9780516202181
040 _aDLC
_cDLC
_dDLC
_beng
050 0 0 _aQH541.5.P63
_b 1996
082 0 0 _a574.526322
100 1 _aFowler, Allan
245 1 0 _aLife in a pond /
_cby Allan Fowler.
260 _aNew York :
_bChildren's Press,
_c1996
300 _a31 pages :
_bcolor illustrations ;
_c19 cm.
490 _aRookie Read-About Science
500 _aIncludes index.
505 _aQ
520 _aIntroduces the animal and plant life in and around ponds.
521 _a660
_bLexile
521 _aQ
_bRaz-Plus
650 0 _aPond ecology
_xJuvenile literature.
650 0 _aPonds
_xJuvenile literature.
650 1 _aPond ecology.
650 1 _aPonds.
906 _a7
_bcbc
_corignew
_d1
_eocip
_f19
_gy-gencatlg
942 _2ddc
_cBK
_n0
999 _c3005
_d3005